00302nam a2200109Ia 4500008004100000041000800041082001400049100001500063245005700078260003800135300001900173241018s9999 xx 000 0 und d aeng a330.9 DAL aDalio, Ray aPrinciples for dealing with the changing world order bAvid Reader PressaNew Yorkc2021 a557;. P. 23 cm